书目信息 |
| 题名: |
新月集
|
|
| 作者: | 泰戈尔 文 ;郑振铎, , 史怡 译 | |
| 分册: | ||
| 出版信息: | 北京 中国青年出版社 2021.09 |
|
| 页数: | 145页 | |
| 开本: | 24cm | |
| 丛书名: | ||
| 单 册: | ||
| 中图分类: | H319.4:I351.25 , H319.4:I | |
| 科图分类: | ||
| 主题词: | 诗集--shi ji--印度--现代--英语--汉语--对照读物 | |
| 电子资源: | ||
| ISBN: | 978-7-5153-6448-3 | |
| 000 | 01079nam0 2200265 450 | |
| 001 | 28372 | |
| 005 | 20221008200739.79 | |
| 010 | @a978-7-5153-6448-3@dCNY28.00 | |
| 100 | @a20211124d2021 em y0chiy50 ea | |
| 101 | 1 | @achi@aeng@cinc |
| 102 | @aCN@b110000 | |
| 105 | @aa z 000gy | |
| 200 | 1 | @a新月集@Axin yue ji@f文 (印) 泰戈尔@g译郑振铎@g图史怡 |
| 210 | @a北京@c中国青年出版社@d2021.09 | |
| 215 | @a145页@c彩图@d24cm | |
| 314 | @a泰戈尔 (1861-1941), 印度著名诗人, 哲学家, 诺贝尔文学奖获得者。郑振铎, 中国作家、文学史家、翻译家。 | |
| 330 | @a本书内容包括: 家庭 ; 海边 ; 来源 ; 孩童之道 ; 不被注意的花饰 ; 偷睡眠者 ; 开始 ; 孩子的世界 ; 时候与原因 ; 审判官 ; 天文家 ; 云与波 ; 金色花 ; 仙人世界 ; 流放的地方等。 | |
| 606 | 0 | @a诗集@Ashi ji@y印度@z现代@x英语@x汉语@j对照读物 |
| 690 | @aH319.4:I351.25@v5 | |
| 690 | @aH319.4:I@v4 | |
| 701 | 1 | @a泰戈尔@Atai ge er@g(Tagore, Rabindranath),@f1861-1941@4文 |
| 702 | 0 | @a郑振铎,@Azheng zhen duo@f1898-1958@4译 |
| 702 | 0 | @a史怡@Ashi yi@4图 |
| 801 | 0 | @aCN@c20220910 |
| 905 | @a河南城建学院图书馆@dH319.4:I@eT082-3@f2 | |
| 新月集/文 (印) 泰戈尔/译郑振铎/图史怡.-北京:中国青年出版社,2021.09 |
| 145页:彩图;24cm |
| ISBN 978-7-5153-6448-3:CNY28.00 |
| 本书内容包括: 家庭 ; 海边 ; 来源 ; 孩童之道 ; 不被注意的花饰 ; 偷睡眠者 ; 开始 ; 孩子的世界 ; 时候与原因 ; 审判官 ; 天文家 ; 云与波 ; 金色花 ; 仙人世界 ; 流放的地方等。 |
| ● |
| 相关链接 |
|
|
|
正题名:新月集
索取号:H319.4:I/T082-3
 
预约/预借
| 序号 | 登录号 | 条形码 | 馆藏地/架位号 | 状态 | 备注 |
| 1 | 1581331 | 215813314 | 语言库209/209语言库 25排2列1层/ [索取号:H319.4:I/T082-3] | 在馆 | |
| 2 | 1581332 | 215813323 | 语言库209/209语言库 25排2列1层/ [索取号:H319.4:I/T082-3] | 在馆 |